Central Library OPAC University of Rajshahi

Evaluation of aphidicidal properties of pta (Penellia ternate agglutinin) gene in lettuce (Lactuca sativa L.) / (Record no. 80220)

MARC details
000 -LEADER
fixed length control field 01129nam a22002537a 4500
001 - CONTROL NUMBER
RUCL Control Number 80220
003 - CONTROL NUMBER IDENTIFIER
rucl marc code BD-RjUL
005 - DATE AND TIME OF LATEST TRANSACTION
control field 20230406101208.0
008 - FIXED-LENGTH DATA ELEMENTS--GENERAL INFORMATION
fixed length control field 220822s2009 bg a|||| m||| 00| 0 eng d
035 ## - SYSTEM CONTROL NUMBER
system control number (BD-RjUL)80220
040 ## - CATALOGING SOURCE
Original cataloging agency BD-RjUL
Language of cataloging eng
Transcribing agency BD-RjUL
Modifying agency BD-RjUL
041 ## - LANGUAGE CODE
Language code of Book eng
082 ## - DEWEY DECIMAL CLASSIFICATION NUMBER
DDC Edition number 23
Classification number 658.404
Author mark and Year CHE 2009
100 ## - MAIN ENTRY--PERSONAL NAME
Personal name Choudhury, Tanvir Alam
9 (RLIN) 4452
245 10 - TITLE STATEMENT
Title Evaluation of aphidicidal properties of pta (Penellia ternate agglutinin) gene in lettuce (Lactuca sativa L.) /
Statement of responsibility, etc By Tanvir Alam Choudhury ;
Name of Supervisor/Co-Supervisor Supervisor : Md. Wahedul Islam, & M. Monzur Hossain
260 ## - PUBLICATION, DISTRIBUTION, ETC. (IMPRINT)
Place of publication, distribution, etc Rajshahi :
Name of publisher, distributor, etc Department of Botany, University of Rajshahi,
Date of publication, distribution, etc 2009
300 ## - PHYSICAL DESCRIPTION
Pagination [16], 113 leaves :
Other physical details ill, ;
Dimensions 29.cm.
502 ## - DISSERTATION NOTE
Dissertation note Thesis (Ph. D.) -- Integrated Pest Management Laboratory, Institute of Biological Science & Plant Breeding and Gene Engineering Laboratory, Department of Botany, University of Rajshahi, 2009
504 ## - BIBLIOGRAPHY, ETC. NOTE
Bibliography, etc References : Leaves 91 - 110
650 ## - SUBJECT ADDED ENTRY--TOPICAL TERM
Topical term or geographic name as entry element Evaluation
Form subdivision properties
9 (RLIN) 4453
700 ## - ADDED ENTRY--SUPERVISOR/CO-SUPERVISOR NAME
Personal name Islam, Md. Wahedul, Supervisor
9 (RLIN) 3105
Personal name Hossain, M. Monzur, Supervisor
9 (RLIN) 3124
942 ## - ADDED ENTRY ELEMENTS (KOHA)
Source of classification or shelving scheme Dewey Decimal Classification
Koha item type Theses
Holdings
Source of classification or shelving scheme Damaged status Not for loan Collection code Permanent Location Current Location Shelving location Date of accession Source of acquisition Total Checkouts Full call number Barcode Date last seen Copy number Thesis
Dewey Decimal Classification   Not For Loan Theses Central Library, University of Rajshahi Central Library, University of Rajshahi Documentation Section 02/11/2010 Controller of Exam. R.U.   THE 658.404 CHE 2009 D3108 22/08/2022 C-1 Theses